000
00295nam a22001337a 4500
008
181105b xxu||||| |||| 00| 0 eng d
020
_a
9781457667114
041
_a
eng
080
_a
370
100
_a
48
101
_a
EDU
245
_a
Real Reading And Writing
_c
Anker.S
942
_2
udc
_c
BK
999
_c
51811
_d
51811